<?xml version="1.0" encoding="UTF-8"?>
<record
    xmlns:xsi="http://www.w3.org/2001/XMLSchema-instance"
    xsi:schemaLocation="http://www.loc.gov/MARC21/slim http://www.loc.gov/standards/marcxml/schema/MARC21slim.xsd"
    xmlns="http://www.loc.gov/MARC21/slim">

  <leader>01909nam a2200349 a 4500</leader>
  <controlfield tag="001">BRCA_2707</controlfield>
  <controlfield tag="005">20190320203931.0</controlfield>
  <controlfield tag="008">031208s1889----sp-a---###---#000-0dspa-u</controlfield>
  <datafield tag="041" ind1=" " ind2=" ">
    <subfield code="a">spa</subfield>
  </datafield>
  <datafield tag="044" ind1=" " ind2=" ">
    <subfield code="a">sp</subfield>
  </datafield>
  <datafield tag="084" ind1=" " ind2=" ">
    <subfield code="a">212</subfield>
    <subfield code="b">.J84</subfield>
    <subfield code="c">1889</subfield>
  </datafield>
  <datafield tag="100" ind1="1" ind2=" ">
    <subfield code="a">Cervantes Saavedra, Miguel de</subfield>
    <subfield code="d">1547-1616</subfield>
    <subfield code="9">213</subfield>
  </datafield>
  <datafield tag="245" ind1="1" ind2="0">
    <subfield code="a">El Ingenioso Hidalgo Don Quijote de la Mancha</subfield>
    <subfield code="c">compuesto por Miguel de Cervantes Saavedra.</subfield>
  </datafield>
  <datafield tag="260" ind1=" " ind2=" ">
    <subfield code="a">Madrid</subfield>
    <subfield code="b">Agust&#xED;n Jubera</subfield>
    <subfield code="c">1889</subfield>
  </datafield>
  <datafield tag="300" ind1=" " ind2=" ">
    <subfield code="a">541 p.</subfield>
    <subfield code="b">il.</subfield>
    <subfield code="c">29 cm.</subfield>
  </datafield>
  <datafield tag="500" ind1=" " ind2=" ">
    <subfield code="a">Contenido : Primera parte. Dedicatoria del autor. Nota del editor. Retrato de Cervantes. Pr&#xF3;logo del autor. Versos preliminares. Texto. Segunda parte. Dedicatoria del autor. Pr&#xF3;logo del autor. Vida de Cervantes por J. M. Quintana y El Buscapi&#xE9; con sus notas. Pr&#xF3;logo de A. de Castro</subfield>
  </datafield>
  <datafield tag="500" ind1=" " ind2=" ">
    <subfield code="a">Edici&#xF3;n : Nov&#xED;sima edici&#xF3;n con notas historicas, cr&#xED;ticas y gramaticales de la Academia Espa&#xF1;ola, Pellice, Arrieta, Clemenc&#xED;n, Cuesta, Janer, etc. Aumentada con El Buscapi&#xE9; anotado por D. Adolfo de Castro y el retrato del autor grabado en acero</subfield>
  </datafield>
  <datafield tag="500" ind1=" " ind2=" ">
    <subfield code="a">Reimpresi&#xF3;n de la edici&#xF3;n de 1887 del mismo editor. Portada a dos tintas. R&#xFA;stica. La cubierta est&#xE1; rota L&#xFA;dovik Osterc</subfield>
  </datafield>
  <datafield tag="500" ind1=" " ind2=" ">
    <subfield code="a">Estado f&#xED;sico : Encuadernaci&#xF3;n en papel extremadamente deteriorado</subfield>
  </datafield>
  <datafield tag="500" ind1=" " ind2=" ">
    <subfield code="a">Con ex-libris de : Sello de Biblioteca Callico</subfield>
  </datafield>
  <datafield tag="500" ind1=" " ind2=" ">
    <subfield code="a">Incluye &#xED;ndice : De l&#xE1;minas (p. 541)</subfield>
  </datafield>
  <datafield tag="500" ind1=" " ind2=" ">
    <subfield code="a">WM1004(?)</subfield>
  </datafield>
  <datafield tag="650" ind1="1" ind2="4">
    <subfield code="a">Novela espa&#xF1;ola</subfield>
    <subfield code="y">&#xC9;poca cl&#xE1;sica, 1500-1700</subfield>
    <subfield code="9">215</subfield>
  </datafield>
  <datafield tag="650" ind1="1" ind2="4">
    <subfield code="a">Literatura espa&#xF1;ola</subfield>
    <subfield code="y">&#xC9;poca cl&#xE1;sica, 1500-1700</subfield>
    <subfield code="9">216</subfield>
  </datafield>
  <datafield tag="650" ind1="1" ind2="4">
    <subfield code="a">Novela espa&#xF1;ola</subfield>
    <subfield code="y">Siglo XVII</subfield>
    <subfield code="9">217</subfield>
  </datafield>
  <datafield tag="650" ind1="1" ind2="4">
    <subfield code="a">Don Quijote (Personaje ficticio)</subfield>
    <subfield code="e">Novela</subfield>
    <subfield code="9">218</subfield>
  </datafield>
  <datafield tag="700" ind1="1" ind2=" ">
    <subfield code="a">Quintana, Jos&#xE9; Manuel</subfield>
    <subfield code="d">1772-1857</subfield>
    <subfield code="e">Bi&#xF3;grafo</subfield>
    <subfield code="9">7655</subfield>
  </datafield>
  <datafield tag="700" ind1="1" ind2=" ">
    <subfield code="a">Castro y Rossi, Adolfo de</subfield>
    <subfield code="d">1823-1898</subfield>
    <subfield code="e">Anotador</subfield>
    <subfield code="9">7656</subfield>
  </datafield>
  <datafield tag="740" ind1="0" ind2=" ">
    <subfield code="a">El Ingenioso Hidalgo Don Quijote de la Mancha</subfield>
  </datafield>
  <datafield tag="902" ind1=" " ind2=" ">
    <subfield code="a">QFM</subfield>
  </datafield>
  <datafield tag="942" ind1=" " ind2=" ">
    <subfield code="2">lcc</subfield>
    <subfield code="c">B</subfield>
  </datafield>
  <datafield tag="999" ind1=" " ind2=" ">
    <subfield code="c">2447</subfield>
    <subfield code="d">2447</subfield>
  </datafield>
  <datafield tag="952" ind1=" " ind2=" ">
    <subfield code="0">0</subfield>
    <subfield code="1">0</subfield>
    <subfield code="4">0</subfield>
    <subfield code="7">0</subfield>
    <subfield code="a">BRCA</subfield>
    <subfield code="b">BRCA</subfield>
    <subfield code="d">2008-12-03</subfield>
    <subfield code="i">WM1004(?)</subfield>
    <subfield code="l">0</subfield>
    <subfield code="o">212 .J84 1889 (WM1004(?))</subfield>
    <subfield code="p">2704</subfield>
    <subfield code="r">2019-03-22 00:00:00</subfield>
    <subfield code="w">2019-03-22</subfield>
    <subfield code="y">B</subfield>
  </datafield>
</record>
